<?xml version="1.0" encoding="UTF-8"?>
<record
    xmlns:xsi="http://www.w3.org/2001/XMLSchema-instance"
    xsi:schemaLocation="http://www.loc.gov/MARC21/slim http://www.loc.gov/standards/marcxml/schema/MARC21slim.xsd"
    xmlns="http://www.loc.gov/MARC21/slim">

  <leader>01706nam a22002417a 4500</leader>
  <controlfield tag="003">DO-SdBJH</controlfield>
  <controlfield tag="005">20250122135102.0</controlfield>
  <controlfield tag="008">250117b        |||||||| |||| 00| 0 spa d</controlfield>
  <datafield tag="040" ind1=" " ind2=" ">
    <subfield code="a">DO-SdBJH</subfield>
    <subfield code="b">spa</subfield>
    <subfield code="c">DO-SdBJH</subfield>
  </datafield>
  <datafield tag="090" ind1=" " ind2=" ">
    <subfield code="a">TG EGCEMN</subfield>
    <subfield code="b">02227 2023</subfield>
  </datafield>
  <datafield tag="100" ind1="1" ind2=" ">
    <subfield code="a">Castillo Uffre, Jos&#xE9; A.</subfield>
    <subfield code="e">sustentante</subfield>
  </datafield>
  <datafield tag="245" ind1="1" ind2="0">
    <subfield code="a">Propuesta de capacitaci&#xF3;n para la conservaci&#xF3;n de Peces Escaros o Pez Loro, dirigida al personas de las Comandancias de puertos de la Zona Naval Este, Armada de Rep&#xFA;blica Dominicana, a&#xF1;o 2025 / </subfield>
    <subfield code="c">Jos&#xE9; A. Castillo Uffre, C&#xE9;sar E. Balderramos Castro, asesores Radham&#xE9;s Vega Dom&#xED;nguez, Feliciano P&#xE9;rez Carvajal</subfield>
  </datafield>
  <datafield tag="260" ind1=" " ind2=" ">
    <subfield code="a">Santo Domingo Este :</subfield>
    <subfield code="b">INSUDE, </subfield>
    <subfield code="c">2023</subfield>
  </datafield>
  <datafield tag="300" ind1=" " ind2=" ">
    <subfield code="a">iv, 101 p&#xE1;ginas, cuadro, gr&#xE1;fico</subfield>
  </datafield>
  <datafield tag="502" ind1=" " ind2=" ">
    <subfield code="a">Tesis (Especialidad en Comando y Estado Mayor Naval). -- Instituto Superior para la Defensa (INSUDE).   Escuela de Graduados de Estudios Superiores Navales, 2023</subfield>
  </datafield>
  <datafield tag="504" ind1=" " ind2=" ">
    <subfield code="a">Incluye referencias bibliogr&#xE1;ficas e &#xED;ndices</subfield>
  </datafield>
  <datafield tag="505" ind1=" " ind2=" ">
    <subfield code="a">Estado actual de conservaci&#xF3;n de las especies pertenecientes a la familia de los escaros en Rep&#xFA;blica Dominicana. -- Conocimientos, destrezas y habilidades de los miembros de la ARD en lo que respecta a la conservaci&#xF3;n de la especie marina, Pez Loro. -- Propuesta de la capacitaci&#xF3;n para la conservaci&#xF3;n de peces escaros o pez loro, dirigida al personal de las Comandancias de Puerto de la Zona Naval Este, ARD</subfield>
  </datafield>
  <datafield tag="700" ind1="1" ind2=" ">
    <subfield code="a">Balderramos Castro, C&#xE9;sar E. </subfield>
    <subfield code="e">sustentante</subfield>
  </datafield>
  <datafield tag="700" ind1="1" ind2=" ">
    <subfield code="a"> Vega Dom&#xED;nguez, Radham&#xE9;s</subfield>
    <subfield code="e">asesor</subfield>
  </datafield>
  <datafield tag="700" ind1="1" ind2=" ">
    <subfield code="a">P&#xE9;rez Carvajal, Feliciano </subfield>
    <subfield code="e">asesor</subfield>
  </datafield>
  <datafield tag="830" ind1=" " ind2=" ">
    <subfield code="a">INSUDE.  &#x201C;Escuela de Graduados de Estudios Superiores Navales&#x201D;.  Tesis y disertaciones acad&#xE9;micas</subfield>
  </datafield>
  <datafield tag="942" ind1=" " ind2=" ">
    <subfield code="2">CL</subfield>
    <subfield code="c">T</subfield>
  </datafield>
  <datafield tag="999" ind1=" " ind2=" ">
    <subfield code="c">8017</subfield>
    <subfield code="d">8017</subfield>
  </datafield>
  <datafield tag="952" ind1=" " ind2=" ">
    <subfield code="0">0</subfield>
    <subfield code="1">0</subfield>
    <subfield code="2">CL</subfield>
    <subfield code="4">0</subfield>
    <subfield code="7">0</subfield>
    <subfield code="8">CG</subfield>
    <subfield code="a">BJHA</subfield>
    <subfield code="b">BJHA</subfield>
    <subfield code="d">2025-01-17</subfield>
    <subfield code="i">23-02227</subfield>
    <subfield code="l">0</subfield>
    <subfield code="o">TG EGCEMN 02227 2023</subfield>
    <subfield code="p">23-02227</subfield>
    <subfield code="r">2025-01-17 14:14:43</subfield>
    <subfield code="t">e.1</subfield>
    <subfield code="w">2025-01-17</subfield>
    <subfield code="y">T</subfield>
  </datafield>
</record>
